| 000 | 00847cam a22002773a 4500 | ||
|---|---|---|---|
| 001 | 12257 | ||
| 003 | PGUSA | ||
| 005 | 20140828083247.0 | ||
| 008 | 040501s2004||||xxu|||||s|||||000 1 eng d | ||
| 040 |
_aPGUSA _beng |
||
| 042 | _adc | ||
| 050 | 4 | _aPS | |
| 100 | 1 |
_aKyne, Peter B. _q(Peter Bernard), _d1880-1957 |
|
| 245 | 1 | 4 |
_aThe Go-Getter : _bA Story That Tells You How to be One _h[electronic resource] / _cPeter B. Kyne |
| 260 |
_bProject Gutenberg, _c2004 |
||
| 506 | _aPublic domain in the USA. | ||
| 516 | _aElectronic text | ||
| 653 | _aBusinessmen -- Fiction | ||
| 653 | _aMotivation (Psychology) -- Fiction | ||
| 653 | _aSuccess in business -- Fiction | ||
| 653 | _aPsychological fiction | ||
| 653 | _aDidactic fiction | ||
| 830 | 0 |
_aProject Gutenberg _v12257 |
|
| 856 | 4 | 0 | _uhttp://www.gutenberg.org/ebooks/12257 |
| 942 | _cEB | ||
| 999 |
_c241512 _d241512 |
||